000 01369nam a22002897a 4500
999 _c118551
_d118551
003 dpl
005 20190111165719.0
008 190111b ||||| |||| 00| 0 eng d
010 _aB-115010, B-115018
020 _c350.00
_a8188693065
035 _aB-115010, B-115018
037 _bCen Lib/Ret
040 _aDPL
_bHN
_c0
082 _a302
_bप्रज्ञाच
100 _aप्रज्ञाचक्षु, सुकन पासवान
_980818
245 _aसामाजिक सह-अस्तित्व का सिद्धांत /
_cसुकन पासवान प्रज्ञाचक्षु
246 _aSamajik seh-astitv ka siddhant /
_bby Sukan Paswan Pragyachakchu
260 _aदिल्ली
_bमित्तल एंड संस
_c2003
270 _bदिल्ली
_e110092
_a80, विजय ब्लाक, लक्ष्मी नगर
300 _a336पृ.
_c20सेमी(सजिल्द)
500 _aअनुक्रमाणिका शामिल
650 _aसह-अस्तित्व की अवधारणा
_980819
650 _aअस्तित्व -- सिद्धान्त
_93419
650 _aThe concept of coexistence
_980820
650 _aSurvival - Theories
_980821
942 _2ddc
_cHN
_h302
_mप्रज्ञाच